|
|
|
|
| LEADER |
01125nam a2200265 a 4500 |
| 001 |
GR-MES15260 |
| 008 |
060516s2002 gr b 001 b eng d |
| 020 |
|
|
|z 0896039277
|
| 040 |
|
|
|a GrPaTEI
|b gre
|c GR-PaULI
|
| 082 |
|
0 |
|a 576.5
|2 21
|
| 245 |
0 |
0 |
|a Quantitative trait loci :
|b Methods and protocols ; Edited by Nicola J. Camp and Angela Cox.
|
| 260 |
|
|
|a Totowa, N.J. :
|b Humana Press,
|c c2002
|
| 300 |
|
|
|a xii, 359 σ. :
|b εικ. ;
|c 24 εκ.
|
| 490 |
0 |
|
|a Methods in molecular biology ;
|v v. 195
|
| 504 |
|
|
|a Περιλαμβάνει βιβλιογραφικές παραπομπές και ευρετήριο.
|
| 650 |
|
0 |
|a Gene mapping
|
| 650 |
|
0 |
|a Genetics
|x Statistical methods
|
| 650 |
|
0 |
|a Phenotype
|
| 650 |
|
4 |
|a Βιολογία
|x Γενετική
|
| 700 |
1 |
|
|a Camp, Nicola J.
|
| 700 |
1 |
|
|a Cox, Angela,
|d 1961-
|
| 942 |
|
|
|2 ddc
|
| 952 |
|
|
|0 0
|1 0
|2 ddc
|4 0
|6 576_500000000000000_QUA
|7 0
|9 273093
|a MSLG
|b MSLG
|c BSC
|d 2021-01-17
|e 24
|f 0
|g 0.00
|l 0
|o 576.5 QUA
|p 2420000024338
|r 2021-01-17 00:00:00
|t 1
|w 2021-01-17
|y BK15
|x 20090917 0 ΤΣΑΝΤΑΡΛΙΩΤΗ 1
|x GrPaTEI
|
| 971 |
|
|
|a .b25813092
|b 15-04-20
|c 13-09-16
|
| 999 |
|
|
|c 158076
|d 158076
|